Intellectual property law in Nigeria (Record no. 40981)

MARC details
000 -LEADER
fixed length control field 00440nam a2200181Ia 4500
020 ## - INTERNATIONAL STANDARD BOOK NUMBER
ISBN 978785579666
050 ## - CALL MARK
Classification number KP 109 . U4/
100 ## - STATEMENT OF RESPONSIBILITY--MAIN AUTHOR NAME
Personal name Umaru, Ibrahim
245 #0 - TITLE STATEMENT
Title Intellectual property law in Nigeria
260 ## - PUBLICATION, DISTRIBUTION, ETC. (IMPRINT)
Place of publication Sokoto
260 ## - PUBLICATION, DISTRIBUTION, ETC. (IMPRINT)
Name of publisher Usman Danfodio university press ltd.
260 ## - PUBLICATION, DISTRIBUTION, ETC. (IMPRINT)
Year of publication 2018
300 ## - PHYSICAL DESCRIPTION
Number of Pages 277 p
650 ## - SUBJECT ADDED ENTRY--TOPICAL TERM
Topical Term Sokoto
942 ## - ADDED ENTRY ELEMENTS (KOHA)
Koha item type Books
Holdings
Withdrawn status Lost status Source of classification or shelving scheme Damaged status Not for loan Permanent Location Current Location Shelving location Date acquired Accession Number Price effective from Koha item type
    Library of Congress Classification     Law Library Law Library Items on shelf 06/03/2025 0190864 06/03/2025 Books
    Library of Congress Classification     Law Library Law Library Items on shelf 06/03/2025 0190865 06/03/2025 Books